| 000 | 02146cam a2200421 i 4500 | ||
|---|---|---|---|
| 001 | EDZ0000988965 | ||
| 003 | StDuBDS | ||
| 005 | 20161031105256.0 | ||
| 006 | m||||||||d|||||||| | ||
| 007 | cr ||||||||||| | ||
| 008 | 141203s2015 caua fob 001|0|eng|d | ||
| 020 |
_a9781483346502 (ebook) : _cNo price |
||
| 040 |
_aStDuBDS _beng _cStDuBDS _erda _epn |
||
| 049 | _aAlfaisal Main Library | ||
| 050 | 4 | _aBF636.6 | |
| 082 | 0 | 4 |
_a158.301 _223 |
| 245 | 0 | 4 |
_aThe SAGE encyclopedia of theory in counseling and psychotherapy / _cedited by Edward S. Neukrug. |
| 246 | 3 | 0 | _aEncyclopedia of theory in counseling and psychotherapy |
| 246 | 3 | 0 | _aTheory in counseling and psychotherapy |
| 264 | 1 |
_aThousand Oaks, California : _bSAGE Publications, _c2015. |
|
| 300 |
_a1 online resource : _billustrations (black and white) |
||
| 336 |
_atext _2rdacontent |
||
| 336 |
_astill image _2rdacontent |
||
| 337 |
_acomputer _2rdamedia |
||
| 338 |
_aonline resource _2rdacarrier |
||
| 504 | _aIncludes bibliographical references and index. | ||
| 520 | 8 | _aTracing theory, and examining the beginnings of counseling and psychotherapy through its development to current trends and movements, this reference work draws together a team of international scholars. They examine the global landscape of all the key counseling and psychotherapy theories and the theorists behind them while presenting them in context needed to understand their strengths and weaknesses. This is a quick, one-stop source that gives the reader the 'who, what, where, how, and why' of contemporary counseling and psychotherapy theory. | |
| 521 | _aSpecialized. | ||
| 588 | _aDescription based on online resource; title from home page (viewed on November 12, 2015). | ||
| 650 | 0 |
_aCounseling _vEncyclopedias. |
|
| 650 | 0 |
_aPsychotherapy _vEncyclopedias. |
|
| 655 | 7 |
_aElectronic books. _2local |
|
| 700 | 1 |
_aNeukrug, Ed, _eeditor. |
|
| 710 | 2 | _aSage eBooks | |
| 776 | 0 | 8 |
_iPrint version : _z9781452274126 |
| 856 | 4 | 0 | _uhttp://ezproxy.alfaisal.edu/login?url=http://sk.sagepub.com/reference/the-sage-encyclopedia-of-theory-in-counseling-and-psychotherapy |
| 942 |
_2lcc _cEBOOKS |
||
| 999 |
_c483272 _d483272 |
||